Ceny ako na hojdačke

Vývoj cien v r. 1993. Vplyv zavedenia novej daňovej sústavy na vývoj cien. Cenová regulácia. Vplyv devalvácie Sk na tvorbu cien. Vývoj cien v spotrebných družstvách. Snaha získať zákazníka.

Salvato in:
Dettagli Bibliografici
Natura: Capitolo di libro
Lingua:slovacco
Soggetti:
Tags: Aggiungi Tag
Nessun Tag, puoi essere il primo ad aggiungerne!!

MARC

LEADER 00000naa a2200000 4500
001 r000933
005 20221213122743.4
041 0 |a slo 
044 |a SK 
245 1 0 |a Ceny ako na hojdačke 
520 |a Vývoj cien v r. 1993. Vplyv zavedenia novej daňovej sústavy na vývoj cien. Cenová regulácia. Vplyv devalvácie Sk na tvorbu cien. Vývoj cien v spotrebných družstvách. Snaha získať zákazníka. 
610 2 0 |a ceny 
610 2 0 |a dane 
610 2 0 |a regulácia cenová 
610 2 0 |a devalvácia 
610 2 0 |a družstvá 
610 2 0 |a 1993